000 00422nam a2200169Ia 4500
001 37967
005 20240114001951.0
007 ta
008 070622s a g b000 u u
082 _a820
_bSa 1 th
100 _aSaid, Edward W .
245 0 _aThe end of the Peace Process /
_cEdward W Said.
_hTextual Documents
300 _bill ;
653 _aEnglish Literature
942 _2ddc
_cBK
999 _c37943
_d37943